00189nam a2200073Ia 4500008004100000100001900041245003000060260002500090190216s9999||||xx |||||||||||||| ||und|| aUmer Moulavi K 0aThabaraka Yoos Paribhasha bC.H. Muhammad & Sons